[Event "World Blitz Women 2025"]
[Site "Doha QAT"]
[Date "2025.12.29"]
[Round "4.44"]
[White "Kairbekova, Amina"]
[Black "Mammadzada, Gunay"]
[Result "0-1"]
[WhiteTitle "WGM"]
[BlackTitle "IM"]
[WhiteElo "2353"]
[BlackElo "2390"]
[WhiteFideId "13712799"]
[BlackFideId "13403729"]
[EventDate "2025.12.29"]

1. e4 c5 2. Nf3 d6 3. Nc3 Nf6 4. d4 cxd4 5. Qxd4 a6 6. Nd5 Nc6 7. Nxf6+ gxf6 8.
Qd3 Rg8 9. Bd2 Qb6 10. Bc3 Be6 11. g3 Ne5 12. Nxe5 fxe5 13. Bg2 Rc8 14. Qe2 Bh6
15. Qh5 Rg6 16. h3 Bc4 17. a3 Rf6 18. Bf3 Be3 19. Rh2 Bxf2+ 20. Rxf2 Qe3+ 21.
Re2 Bxe2 22. Bxe2 Rxc3 23. Qxh7 Rxc2 24. Qh8+ Kd7 25. Qh5 Qg1+ 0-1

[Event "World Blitz Women 2025"]
[Site "Doha QAT"]
[Date "2025.12.29"]
[Round "4.45"]
[White "Zhu, Chen"]
[Black "Tokhirjonova, Gulrukhbegim"]
[Result "0-1"]
[WhiteTitle "GM"]
[BlackTitle "IM"]
[WhiteElo "2423"]
[BlackElo "2372"]
[WhiteFideId "8600546"]
[BlackFideId "14203626"]
[EventDate "2025.12.29"]

1. c4 Nf6 2. Nc3 e5 3. g3 g6 4. e4 Bg7 5. Bg2 O-O 6. Nge2 Nc6 7. O-O Nd4 8. d3
d6 9. h3 c5 10. Kh2 Nh5 11. f4 exf4 12. gxf4 Qh4 13. Nxd4 Bxd4 14. Qe1 Qxe1 15.
Rxe1 Be6 16. Nb5 Bf2 17. Rf1 Bg3+ 18. Kg1 Rfd8 19. f5 Bd7 20. Nc7 Rab8 21. Nd5
Bc6 22. Bg5 Re8 23. Ne3 Be5 24. Rab1 Bd4 25. Kh2 f6 26. Bh6 g5 27. Ng4 Nf4 28.
Rfd1 b5 29. b3 bxc4 30. bxc4 Rxb1 31. Rxb1 Nxd3 32. h4 gxh4 33. Kh3 Nf2+ 34.
Nxf2 Bxf2 35. Rb2 Bd4 36. Rb3 Kf7 37. Bf3 Rg8 38. Kxh4 Rg1 39. Ra3 Bf2+ 40. Kh5
Rg3 41. Rxa7+ Ke8 42. Rc7 Rxf3 43. Rxc6 Rh3+ 44. Kg4 Rxh6 45. Rxd6 Bd4 46. a4
Rh1 0-1

[Event "World Blitz Women 2025"]
[Site "Doha QAT"]
[Date "2025.12.29"]
[Round "4.46"]
[White "Kirtadze, Anastasia"]
[Black "Bayasgalan, Khishigbaatar"]
[Result "0-1"]
[WhiteTitle "WIM"]
[BlackTitle "WCM"]
[WhiteElo "2281"]
[BlackElo "2249"]
[WhiteFideId "13622714"]
[BlackFideId "4904311"]
[EventDate "2025.12.29"]

1. e4 c5 2. Nf3 d6 3. d4 cxd4 4. Nxd4 Nf6 5. Nc3 a6 6. h3 e5 7. Nb3 Be6 8. g4 h6
9. Be3 Be7 10. Bg2 Nbd7 11. a4 Qc7 12. O-O Rc8 13. Rc1 Nh7 14. a5 h5 15. f3 Ndf8
16. Nd5 Bxd5 17. Qxd5 Nf6 18. Qd2 Ng6 19. Bg5 Rd8 20. c4 Nh7 21. Be3 Nhf8 22. f4
exf4 23. Bxf4 Ne6 24. Be3 hxg4 25. hxg4 d5 26. Rf2 dxe4 27. Qe2 Qh2+ 28. Kf1 Bh4
29. Rf5 Ne7 30. Rh5 Rxh5 31. gxh5 Nf5 32. Bf2 Bxf2 33. Qxf2 Ng3+ 34. Ke1 Nxh5
35. Nd2 e3 36. Qxe3 Qxg2 37. Nf1 Nf4 38. Rc3 Qc6 39. Kf2 Qg2+ 40. Ke1 g5 41. c5
Qd5 42. Kf2 Qg2+ 43. Ke1 Nd5 44. Qe5 Nxc3 45. bxc3 Qd5 46. Qf6 Qxc5 47. Qh8+ Ke7
48. Qh3 Qe5+ 49. Kf2 Qe2+ 50. Kg1 Rd1 51. c4 Rxf1+ 52. Qxf1 Qxf1+ 53. Kxf1 Kd6 0-1

[Event "World Blitz Women 2025"]
[Site "Doha QAT"]
[Date "2025.12.29"]
[Round "4.47"]
[White "Chen, Yining"]
[Black "Jimenez Fernandez, Rebeca"]
[Result "1/2-1/2"]
[WhiteTitle "FM"]
[BlackTitle "WFM"]
[WhiteElo "2278"]
[BlackElo "2137"]
[WhiteFideId "8620946"]
[BlackFideId "32070934"]
[EventDate "2025.12.29"]

1. d4 Nf6 2. c4 e6 3. Nf3 d5 4. Nc3 c6 5. e3 Nbd7 6. Be2 dxc4 7. a4 Bd6 8. Nd2
O-O 9. Nxc4 Bc7 10. b3 Nb6 11. O-O Nxc4 12. bxc4 e5 13. h3 exd4 14. exd4 Qd6 15.
f4 Rd8 16. Be3 Qe7 17. Rf3 Bf5 18. Bd3 Bxd3 19. Qxd3 Re8 20. Bf2 Rad8 21. Qc2
Qb4 22. Ne2 Ne4 23. Rb3 Qe7 24. Rf1 Nxf2 25. Rxf2 Bb6 26. c5 Ba5 27. f5 Be1 28.
Rbf3 Bxf2+ 29. Kxf2 Qe4 30. Qb2 Qd5 31. f6 g6 32. Qd2 Qh5 33. Qf4 Rd5 34. Ng3
Qg5 35. Qxg5 Rxg5 36. Rb3 Rd5 37. Rxb7 Rxd4 38. Rxa7 Rc4 39. Re7 Rd8 40. Ne4 h5
41. Kf3 Rxa4 42. g4 hxg4+ 43. hxg4 Rd3+ 44. Kf4 Rdd4 45. Re8+ Kh7 46. Re7 Kg8
47. Re8+ Kh7 48. Kf3 Ra3+ 49. Kf4 Raa4 50. Re7 Kg8 51. Re5 Kf8 52. Re7 Rac4 53.
Re5 Rc1 54. Kg5 Re1 55. Kf4 Rc4 56. Re7 g5+ 57. Kf5 Rd4 58. Nxg5 Rd5+ 59. Kf4
Rxe7 60. fxe7+ Kxe7 61. Ne4 Rd4 62. Ke5 Ra4 63. g5 Ra1 64. Nd6 Rc1 65. Nf5+ Kf8
66. Kd6 Rg1 67. Kxc6 Rxg5 68. Nd6 f5 69. Kd7 f4 70. c6 Rc5 71. Ne4 Rc4 72. Nf2
Rd4+ 73. Ke6 Rc4 74. Kd5 Rc2 75. Ne4 f3 76. Kd6 f2 77. Nxf2 Rxf2 78. c7 Rd2+ 79.
Kc6 Rc2+ 80. Kd7 Rd2+ 81. Kc6 Rc2+ 82. Kb7 Rxc7+ 1/2-1/2

[Event "World Blitz Women 2025"]
[Site "Doha QAT"]
[Date "2025.12.29"]
[Round "4.48"]
[White "Serikbay, Assel"]
[Black "Krush, Irina"]
[Result "0-1"]
[WhiteTitle "WIM"]
[BlackTitle "GM"]
[WhiteElo "2221"]
[BlackElo "2402"]
[WhiteFideId "13706799"]
[BlackFideId "2012782"]
[EventDate "2025.12.29"]

1. d4 g6 2. c4 Bg7 3. Nc3 c5 4. e3 Nf6 5. Nf3 cxd4 6. exd4 d5 7. cxd5 Nxd5 8.
Bc4 Nxc3 9. bxc3 O-O 10. O-O Nc6 11. Bf4 Na5 12. Be2 Be6 13. Ne5 Rc8 14. Qd2 Nc4
15. Nxc4 Bxc4 16. Bf3 Bxf1 17. Rxf1 Qd7 18. Qe3 b6 19. h4 h5 20. Re1 Rfe8 21. g3
b5 22. Bd1 b4 23. cxb4 Qxd4 24. Qxd4 Bxd4 25. b5 e5 26. Bg5 Kg7 27. Bb3 f6 28.
Bd2 Red8 29. Bb4 Bc3 30. Bxc3 Rxc3 31. Re4 Rd4 32. Re2 Rc5 33. a4 Rb4 34. Re3
Rc1+ 35. Kg2 Rb1 36. Bc2 R1b2 37. Rc3 Kh6 38. Rc7 Rd4 39. Kf3 Rd2 40. Be4 Rxf2+
41. Ke3 Rfe2+ 42. Kf3 Rf2+ 43. Ke3 Rfd2 44. Bc6 f5 45. Be8 Rd6 46. Rxa7 Rf6 47.
a5 f4+ 48. gxf4 exf4+ 49. Kf3 Rb3+ 50. Kf2 f3 51. b6 Rb2+ 52. Kg3 f2 53. b7 f1=Q 0-1

[Event "World Blitz Women 2025"]
[Site "Doha QAT"]
[Date "2025.12.29"]
[Round "4.49"]
[White "Cori T., Deysi"]
[Black "Gu, Xiaobing"]
[Result "1-0"]
[WhiteTitle "IM"]
[BlackTitle "WGM"]
[WhiteElo "2349"]
[BlackElo "2106"]
[WhiteFideId "3801934"]
[BlackFideId "8602611"]
[EventDate "2025.12.29"]

1. Nf3 Nf6 2. g3 g6 3. b3 Bg7 4. Bb2 d6 5. d4 O-O 6. Bg2 Nbd7 7. O-O Re8 8. a4
e5 9. dxe5 Ng4 10. a5 dxe5 11. a6 bxa6 12. Nxe5 Ngxe5 13. Bxa8 c6 14. Nd2 Qc7
15. Ne4 Nb6 16. f4 Nf3+ 17. exf3 Bxb2 18. c3 Rxe4 19. fxe4 Bxa1 20. Qxa1 Nxa8
21. Rd1 Bg4 22. Rd4 c5 23. Rd2 Nb6 24. Qxa6 Bf3 25. Qd3 Bg4 26. Kg2 Kg7 27. c4
Qc8 28. Qc3+ f6 29. Rd6 Bh3+ 30. Kf2 Nd7 31. Qa5 Qb8 32. Rd3 Qb7 33. Qd8 Qxe4 1-0

[Event "World Blitz Women 2025"]
[Site "Doha QAT"]
[Date "2025.12.29"]
[Round "4.50"]
[White "Atalik, Ekaterina"]
[Black "Krasteva, Beloslava"]
[Result "1-0"]
[WhiteTitle "IM"]
[BlackTitle "FM"]
[WhiteElo "2349"]
[BlackElo "2339"]
[WhiteFideId "4130189"]
[BlackFideId "2922029"]
[EventDate "2025.12.29"]

1. Nf3 d6 2. d4 Nf6 3. c4 g6 4. Nc3 Bf5 5. Bg5 Bg7 6. e3 Ne4 7. Nxe4 Bxe4 8. Be2
h6 9. Bh4 c5 10. O-O O-O 11. Nd2 Bf5 12. Bf3 Nc6 13. Nb3 cxd4 14. exd4 Rc8 15.
Rc1 Re8 16. Re1 g5 17. Bg3 Na5 18. Nxa5 Qxa5 19. Bxb7 Rc7 20. Bf3 Rb8 21. c5
Rxb2 22. cxd6 exd6 23. Rxc7 Qxc7 24. Qa4 Qc3 25. Qe8+ Kh7 26. h3 Be5 27. Rxe5
Rb1+ 28. Kh2 dxe5 29. Bxe5 Be6 30. Qh8+ Kg6 31. Qg7+ Kf5 32. Qf6# 1-0

[Event "World Blitz Women 2025"]
[Site "Doha QAT"]
[Date "2025.12.29"]
[Round "4.51"]
[White "Zhang, Lanlin"]
[Black "Lyutsinger, Iren"]
[Result "0-1"]
[WhiteTitle "WIM"]
[BlackTitle "FM"]
[WhiteElo "2291"]
[BlackElo "2169"]
[WhiteFideId "8608032"]
[BlackFideId "34425969"]
[EventDate "2025.12.29"]

1. e4 c5 2. Nf3 a6 3. c3 d5 4. exd5 Qxd5 5. d4 e6 6. Be2 Nf6 7. O-O Be7 8. h3
O-O 9. Be3 Nbd7 10. c4 Qc6 11. Nc3 cxd4 12. Nxd4 Qc7 13. Rc1 Rd8 14. Qc2 Ne5 15.
b3 b6 16. Nf3 Bb7 17. Ne1 Ba3 18. Rd1 Rxd1 19. Qxd1 Rd8 20. Qc2 Bb4 21. f4 Bxc3
22. Qxc3 Ng6 23. Qb4 Rd6 24. Nf3 Ne4 25. Qe1 Ne7 26. Bc1 Nf5 27. Ba3 Rd8 28. Ne5
b5 29. Bf3 Nfg3 30. Bxe4 Nxe4 31. cxb5 axb5 32. Kh2 f6 33. Ng4 h5 34. Ne3 h4 35.
Qxh4 Qc3 36. Qe1 Rd2 37. Rf3 Rxa2 38. Qxc3 Nxc3 39. Rg3 Rxa3 40. Nc2 Rxb3 41.
Nd4 Ra3 42. Nc2 Ra2 43. Rxc3 b4 44. Rc7 Bxg2 45. Nxb4 Rd2 46. Kg3 Be4 47. Nc6
Bxc6 48. Rxc6 Kf7 49. h4 Rd3+ 50. Kg2 Ra3 51. Rb6 Re3 52. Rc6 Kg6 53. Rc7 Ra3
54. Re7 Ra6 55. Kf3 Ra3+ 56. Kg2 Ra6 57. Kf3 Kf5 58. Rxg7 Ra3+ 59. Kg2 Kxf4 60.
h5 Ra2+ 61. Kh3 Ra1 62. Kg2 Ra5 63. h6 Rh5 64. h7 e5 65. Rf7 f5 66. Rg7 e4 67.
Re7 Ke3 68. Kg3 f4+ 69. Kg4 Rh1 70. Ra7 f3 71. Ra3+ Kd4 72. Ra4+ Kd3 73. Ra3+
Kc2 74. Re3 f2 75. Re2+ Kd3 76. Rxf2 Rxh7 77. Rf8 Rh1 78. Rd8+ Ke3 79. Kg3 Rg1+
80. Kh2 Rg7 81. Kh3 Ke2 82. Kh2 e3 83. Kh3 Kf2 84. Rf8+ Ke1 85. Rd8 e2 86. Kh2
Rg5 0-1

[Event "World Blitz Women 2025"]
[Site "Doha QAT"]
[Date "2025.12.29"]
[Round "4.52"]
[White "Kiolbasa, Oliwia"]
[Black "Li, Xueyi"]
[Result "1-0"]
[WhiteTitle "IM"]
[BlackTitle "WGM"]
[WhiteElo "2397"]
[BlackElo "2202"]
[WhiteFideId "1154613"]
[BlackFideId "8605912"]
[EventDate "2025.12.29"]

1. e4 c5 2. Nc3 Nc6 3. f4 g6 4. Nf3 Bg7 5. a4 e6 6. e5 d5 7. d4 cxd4 8. Nxd4
Nxd4 9. Qxd4 Ne7 10. Bd3 O-O 11. O-O f6 12. exf6 Bxf6 13. Qf2 Nc6 14. Qe1 Bd7
15. Bd2 Bg7 16. Rd1 Nb4 17. Qe2 Nxd3 18. Qxd3 Qb6+ 19. Kh1 Be8 20. b3 Bf7 21.
Ne2 Rac8 22. Be3 Qc7 23. Nd4 a6 24. Rf2 e5 25. fxe5 Bxe5 26. Bh6 Rfe8 27. Rdf1
Re7 28. Nf3 Qc3 29. Nxe5 Qxe5 30. Rf6 d4 31. Qf3 Rcc7 32. h3 g5 33. Rf5 Qe4 34.
Rxg5+ Kh8 35. Qf6# 1-0

[Event "World Blitz Women 2025"]
[Site "Doha QAT"]
[Date "2025.12.29"]
[Round "4.53"]
[White "Olde, Margareth"]
[Black "Nguyen Hong Anh"]
[Result "1/2-1/2"]
[WhiteTitle "WIM"]
[BlackTitle "WIM"]
[WhiteElo "2214"]
[BlackElo "2010"]
[WhiteFideId "4503082"]
[BlackFideId "12406732"]
[EventDate "2025.12.29"]

1. d4 Nf6 2. c4 c6 3. Nf3 d5 4. e3 e6 5. Nbd2 Bd6 6. Bd3 Nbd7 7. O-O O-O 8. e4
dxe4 9. Nxe4 Nxe4 10. Bxe4 h6 11. Qe2 Re8 12. Rd1 Qe7 13. Bc2 e5 14. dxe5 Nxe5
15. Nxe5 Bxe5 16. Qd3 g6 17. Bxh6 Qh4 18. f4 Bxb2 19. Bg5 Qh8 20. Rab1 c5 21.
Qf3 Qc3 22. Be4 Qxf3 23. Bxf3 Bd4+ 24. Kh1 Rb8 25. h4 b6 26. h5 Bf5 27. Rbc1 Bb2
28. Re1 Bxc1 29. Rxc1 Kg7 30. h6+ Kh7 31. Bd5 Be6 32. Bc6 Rf8 33. Be7 Rfc8 34.
Bf3 Kxh6 35. Bf6 Rd8 36. Kh2 g5 37. fxg5+ Kg6 38. Be4+ Bf5 39. Bxf5+ Kxf5 40.
Rf1+ Kg6 41. Bxd8 Rxd8 42. Re1 Rd2 43. a3 Rd3 44. Re7 Rxa3 45. g3 a6 46. Rb7 Rb3
47. Kh3 b5 48. Rb6+ Kxg5 49. Rc6 f5 50. Rxa6 bxc4 51. Ra5 Rb4 52. Rxc5 Kf6 53.
Kh4 c3+ 54. Kh3 Rb3 55. g4 fxg4+ 56. Kxg4 Ke6 57. Kf4 Kd6 58. Rc8 Kd5 59. Ke3
Ra3 60. Kd3 1/2-1/2

[Event "World Blitz Women 2025"]
[Site "Doha QAT"]
[Date "2025.12.29"]
[Round "4.54"]
[White "Mkrtchyan, Mariam"]
[Black "Dimitrijevic, Aleksandra"]
[Result "1/2-1/2"]
[WhiteTitle "WIM"]
[BlackTitle "WGM"]
[WhiteElo "2353"]
[BlackElo "2063"]
[WhiteFideId "13310828"]
[BlackFideId "929239"]
[EventDate "2025.12.29"]

1. d4 Nf6 2. c4 g6 3. g3 Bg7 4. Bg2 d5 5. cxd5 Nxd5 6. e4 Nb6 7. Ne2 O-O 8. O-O
c5 9. dxc5 Qxd1 10. Rxd1 Nc4 11. Nbc3 Bg4 12. f3 Be6 13. b3 Ne5 14. Be3 Na6 15.
Nd5 Bxd5 16. exd5 Nb4 17. Bd4 Rfd8 18. f4 Ng4 19. Bxg7 Kxg7 20. a3 Nc2 21. Ra2
Nce3 22. Rd3 Nxg2 23. Kxg2 Rxd5 24. Rxd5 Ne3+ 25. Kf3 Nxd5 26. Rd2 e6 27. Nd4
Rc8 28. b4 a5 29. Nb5 axb4 30. axb4 Nxb4 31. Rd7 Rxc5 32. Nd6 Rc3+ 33. Kg2 Rc2+
34. Kg1 Nd5 35. Rxf7+ Kg8 36. Rxb7 Ne3 37. Ne4 Rg2+ 38. Kh1 Re2 39. Kg1 Rg2+ 40.
Kh1 Re2 41. Rb1 Kg7 42. Rb7+ Kf8 43. Rb1 Ke7 44. Rb7+ Kf8 45. Rb1 Ng4 46. Ng5
Rxh2+ 47. Kg1 Re2 48. Nxh7+ Kg7 49. Ng5 Kf6 50. Rb6 Kf5 51. Rb5+ e5 52. Nf3 Re3
53. Nxe5 Nxe5 54. fxe5 Rxg3+ 55. Kf2 Ra3 56. Rb6 g5 57. e6 Kf6 58. Kg2 Re3 59.
Kf2 Rxe6 60. Rxe6+ Kxe6 61. Kf3 Kf5 62. Kg3 g4 63. Kg2 Kf4 64. Kf2 g3+ 65. Kg2
Kg4 66. Kg1 Kf3 67. Kf1 g2+ 68. Kg1 Kg3 1/2-1/2

[Event "World Blitz Women 2025"]
[Site "Doha QAT"]
[Date "2025.12.29"]
[Round "4.55"]
[White "Gaal, Zsoka"]
[Black "Shubenkova, Veronika"]
[Result "1-0"]
[WhiteTitle "IM"]
[BlackTitle "WFM"]
[WhiteElo "2374"]
[BlackElo "2013"]
[WhiteFideId "777765"]
[BlackFideId "44124040"]
[EventDate "2025.12.29"]

1. Nf3 d5 2. g3 Nf6 3. Bg2 g6 4. O-O Bg7 5. d4 O-O 6. c4 c6 7. Nc3 Re8 8. cxd5
Nxd5 9. e4 Nxc3 10. bxc3 Bg4 11. h3 Bxf3 12. Bxf3 e5 13. Be3 Nd7 14. Rb1 Nb6 15.
Qd3 Qd7 16. h4 Rad8 17. Rfd1 exd4 18. cxd4 c5 19. d5 Rc8 20. h5 Na4 21. Rdc1 c4
22. Qa3 b5 23. h6 Bf8 24. d6 Bxd6 25. Rd1 Bxa3 26. Rxd7 c3 27. Rxb5 c2 28. Rxa7
Nc3 29. Rbb7 Bc5 30. Rxf7 Bxa7 31. Rxa7 Rcd8 32. Rg7+ Kf8 33. Bc5+ Re7 34. Bxe7+
Ke8 35. Ba3 Rd1+ 36. Kg2 Nb5 37. Bb2 Rb1 38. Rg8+ Kf7 39. Rc8 Rxb2 40. e5 Ke6
41. Be4 Nd4 42. a4 Kxe5 43. Bd3 Ke6 44. a5 Kd7 45. Rc4 Nc6 46. Rxc2 Rb3 47. Rd2
Ke7 48. a6 Ra3 49. Bf1 Nb4 50. Rb2 Nxa6 51. Rb7+ Kf6 52. Ra7 Kg5 53. Rxa6 Rc3
54. Ra7 Kxh6 55. Be2 Rc2 56. Bf3 Rc3 57. Be4 Rc4 58. f3 Rc1 59. g4 Rd1 60. Kg3
Rg1+ 61. Kf4 Rxg4+ 62. Kxg4 1-0

[Event "World Blitz Women 2025"]
[Site "Doha QAT"]
[Date "2025.12.29"]
[Round "4.56"]
[White "Gaboyan, Susanna"]
[Black "Aydin, Gulenay"]
[Result "1-0"]
[WhiteTitle "WIM"]
[BlackTitle "WIM"]
[WhiteElo "2182"]
[BlackElo "2259"]
[WhiteFideId "13303627"]
[BlackFideId "34557431"]
[EventDate "2025.12.29"]

1. Nf3 Nf6 2. g3 g6 3. Bg2 Bg7 4. O-O O-O 5. d3 c5 6. c4 Nc6 7. Nc3 d6 8. Bd2 e5
9. Qc1 a6 10. Bh6 Rb8 11. Bxg7 Kxg7 12. Nd2 Be6 13. Nde4 Nxe4 14. Nxe4 Nd4 15.
Qd2 h6 16. e3 Nc6 17. a3 b5 18. cxb5 Rxb5 19. Nc3 Na5 20. Nxb5 Nb3 21. Qc3 Nxa1
22. Nxd6 Qxd6 23. Rxa1 Rb8 24. Rc1 Rb3 25. Qxc5 Qxc5 26. Rxc5 Rxb2 27. h4 Rb3
28. Ra5 Rxd3 29. Bf1 Rd1 30. Kg2 e4 31. Bxa6 Bg4 32. f4 Bf3+ 33. Kf2 Rd2+ 34.
Kf1 Rd1+ 35. Kf2 Rd2+ 36. Kf1 Rg2 37. Bb7 Rxg3 38. Ra7 g5 39. hxg5 hxg5 40. Bd5 1-0

[Event "World Blitz Women 2025"]
[Site "Doha QAT"]
[Date "2025.12.29"]
[Round "4.57"]
[White "Nandhidhaa, P V"]
[Black "Parnali, S Dharia"]
[Result "0-1"]
[WhiteTitle "WGM"]
[BlackTitle "WIM"]
[WhiteElo "2257"]
[BlackElo "2150"]
[WhiteFideId "5050847"]
[BlackFideId "5043131"]
[EventDate "2025.12.29"]

1. e4 e5 2. Nf3 Nc6 3. d4 exd4 4. Nxd4 Bb4+ 5. c3 Bc5 6. Be3 Qf6 7. Be2 Nge7 8.
Qd2 h6 9. Nxc6 Qxc6 10. O-O O-O 11. Bf3 Bxe3 12. Qxe3 Qb5 13. Qe2 Qxe2 14. Bxe2
d5 15. exd5 Nxd5 16. Bf3 Nf4 17. Na3 c6 18. Rad1 Be6 19. g3 Nh3+ 20. Kg2 Ng5 21.
b3 Bh3+ 22. Kh1 Nxf3 23. Nc4 Bxf1 24. Rxf1 Rad8 25. Kg2 Nd2 26. Nxd2 Rxd2 27.
Re1 Rxa2 28. Re7 b6 29. Rc7 c5 30. Kf3 Rd8 31. Ke3 Re8+ 32. Kf3 Ree2 0-1

[Event "World Blitz Women 2025"]
[Site "Doha QAT"]
[Date "2025.12.29"]
[Round "4.58"]
[White "Rouda Essa, Alserkal"]
[Black "Nguyen Hong Nhung"]
[Result "0-1"]
[WhiteTitle "WGM"]
[BlackTitle "FM"]
[WhiteElo "2052"]
[BlackElo "2268"]
[WhiteFideId "9314318"]
[BlackFideId "12412201"]
[EventDate "2025.12.29"]

1. e4 c5 2. Nf3 e6 3. d4 cxd4 4. Nxd4 Nf6 5. Nc3 Nc6 6. a3 Be7 7. Nxc6 bxc6 8.
e5 Nd5 9. Ne4 Qc7 10. f4 Qb6 11. Qd3 a5 12. c4 Nc7 13. Qg3 Qd4 14. Bd3 O-O 15.
Bd2 f5 16. exf6 Bxf6 17. Nxf6+ Qxf6 18. O-O Ne8 19. Bc3 Qe7 20. Rae1 Ba6 21. Kh1
Qc5 22. Qh4 g6 23. Re5 Qd6 24. Bxg6 hxg6 25. Rg5 Ng7 26. Rxg6 Rf7 27. Rh6 Rff8
28. Rh8+ Kf7 29. Qf6+ Ke8 30. Qxg7 Bxc4 31. Re1 Qxf4 32. Rxf8+ Qxf8 33. Qd4 Bd5
34. Qb6 Qg8 35. Rg1 Qg4 36. Qe3 Ke7 37. Qc5+ Ke8 38. Qf2 Ke7 39. Qc5+ Ke8 40.
Qf2 d6 41. Rf1 Qg8 42. Bd2 Kd7 43. Bf4 Rf8 44. Qa7+ Ke8 45. Qb8+ Kf7 46. Qxd6
Qxg2# 0-1

[Event "World Blitz Women 2025"]
[Site "Doha QAT"]
[Date "2025.12.29"]
[Round "4.59"]
[White "Mamedjarova, Zeinab"]
[Black "Nordahl, Christine"]
[Result "1-0"]
[WhiteTitle "WGM"]
[WhiteElo "2155"]
[BlackElo "1835"]
[WhiteFideId "13401521"]
[BlackFideId "1557939"]
[EventDate "2025.12.29"]

1. d4 Nf6 2. Nf3 c5 3. e3 d5 4. Be2 Bg4 5. O-O e6 6. h3 Bh5 7. b3 Be7 8. Bb2 O-O
9. Nbd2 Nc6 10. Ne5 Bxe2 11. Qxe2 Rc8 12. dxc5 Nxe5 13. Bxe5 Bxc5 14. c4 Be7 15.
Rfd1 Qb6 16. Rac1 Rfd8 17. Bb2 Qa6 18. a4 dxc4 19. Nxc4 Nd5 20. e4 Nb6 21. Qg4
Bf8 22. Ne5 Rxc1 23. Rxc1 Nd7 24. Qh4 Qb6 25. Bd4 Qa5 26. Bc3 Qb6 27. a5 Qc7 28.
Bd2 Qb8 29. Nf3 Nf6 30. Bg5 Be7 31. e5 h6 32. exf6 hxg5 33. Nxg5 Bxf6 34. Qh7+
Kf8 35. Ne4 Qe5 36. f3 Qd4+ 37. Kh1 Qe3 38. Qh8+ Ke7 39. Rc7+ Rd7 40. Rxd7+ Kxd7
41. Nxf6+ gxf6 42. Qxf6 Qe1+ 43. Kh2 Qxa5 44. Qxf7+ Kd6 45. Qxb7 Qe5+ 46. Kg1
Qe1+ 47. Kh2 Qe5+ 48. f4 Qxf4+ 49. g3 Qf2+ 50. Qg2 Qe3 51. h4 Qxb3 52. Qd2+ Ke7
53. Qg5+ Kf7 54. Qf4+ Ke7 55. Qc7+ Kf6 56. Qxa7 Qc2+ 57. Kh3 Qf5+ 58. Kg2 Qc2+
59. Qf2+ Qxf2+ 60. Kxf2 Kf5 61. Kf3 e5 62. g4+ Kg6 63. Ke4 Kf6 64. Kd5 Kg6 65.
Kxe5 Kg7 66. h5 Kh6 1-0

[Event "World Blitz Women 2025"]
[Site "Doha QAT"]
[Date "2025.12.29"]
[Round "4.60"]
[White "Druzhinina, Olga"]
[Black "Kurmangaliyeva, Liya"]
[Result "0-1"]
[WhiteTitle "WFM"]
[BlackTitle "FM"]
[WhiteElo "2175"]
[BlackElo "2339"]
[WhiteFideId "4141911"]
[BlackFideId "13725831"]
[EventDate "2025.12.29"]

1. e4 d6 2. d4 g6 3. Nc3 Bg7 4. Be3 Nf6 5. Qd2 c6 6. a4 O-O 7. f3 Qa5 8. Bd3 e5
9. Nge2 Nbd7 10. O-O Re8 11. Kh1 Qc7 12. Bc4 d5 13. exd5 Nb6 14. Bb3 Nbxd5 15.
Nxd5 Nxd5 16. Bf2 Bf5 17. Ng3 Be6 18. Ne4 Rad8 19. Rfd1 Nf4 20. Qb4 Bxb3 21.
cxb3 Nd5 22. Qc4 Qe7 23. a5 a6 24. Rac1 h5 25. Nc5 h4 26. h3 exd4 27. Bxd4 Ne3
28. Bxe3 Qxe3 29. Ne4 Be5 30. Qc5 Qf4 31. Qg1 Bxb2 32. Rb1 Be5 33. b4 Rd5 34.
Re1 Red8 35. Rbc1 Bd4 36. Qf1 Be5 37. Qg1 Kg7 38. Nf2 Bd4 39. Qf1 Be3 40. Rb1
Rd2 41. Ng4 Bd4 42. Rbc1 Bb2 43. Rb1 f5 44. Ne3 Be5 45. Qg1 R8d3 46. Nf1 Rc2 47.
Rbd1 Bd4 48. Qh2 Qxh2+ 49. Kxh2 Be5+ 50. Kh1 Rxd1 51. Rxd1 Kf6 52. Ne3 Rb2 53.
Nc4 Rxb4 54. Nxe5 Kxe5 55. Re1+ Kf4 56. Kh2 Rb5 57. Re6 Kg5 58. Re7 c5 59. Rc7
Kf4 60. Rg7 g5 61. Rc7 Ke5 62. Kg1 Kd4 63. Rf7 c4 64. Rg7 f4 0-1

[Event "World Blitz Women 2025"]
[Site "Doha QAT"]
[Date "2025.12.29"]
[Round "4.61"]
[White "Sawan, Eman"]
[Black "Mkrtchian, Lilit"]
[Result "1-0"]
[WhiteTitle "WFM"]
[BlackTitle "IM"]
[WhiteElo "1960"]
[BlackElo "2366"]
[WhiteFideId "11511729"]
[BlackFideId "13300601"]
[EventDate "2025.12.29"]

1. e4 e6 2. d3 d5 3. Qe2 dxe4 4. dxe4 e5 5. Nf3 Nc6 6. c3 Nf6 7. Qc2 Bg4 8. Nbd2
Be7 9. h3 Bh5 10. Bb5 Nd7 11. O-O O-O 12. Qa4 Nc5 13. Qc2 f6 14. b4 Ne6 15. Bc4
Bf7 16. Qb3 Nf4 17. Bxf7+ Rxf7 18. Nc4 Qd3 19. Bxf4 exf4 20. e5 b5 21. Na3 Nxe5
22. Nxe5 fxe5 23. Rad1 Qg6 24. Nxb5 f3 25. g3 Bf6 26. Rd7 Rf8 27. Rfd1 e4 28. c4
Qh6 29. Kh2 Qg6 30. c5 e3 31. Qxe3 Bg5 32. Qb3 h5 33. Nxc7 Kh7 34. R1d6 Qe4 35.
Qd3 Qxd3 36. Rxd3 Rf6 37. Nd5 Ra6 38. a3 Rf5 39. Ne3 Bxe3 40. Rxe3 Kg6 41. Rdd3
Raf6 42. g4 hxg4 43. hxg4 Rf4 44. Kg3 Rc4 45. Rxf3 Re6 46. Rfe3 Ra6 47. f4 Rc1
48. Rd6+ Rxd6 49. cxd6 Rd1 50. f5+ Kf7 51. Re7+ Kf6 52. Rxa7 Rxd6 53. b5 Rd3+
54. Kf4 Rd4+ 55. Kf3 Rd3+ 56. Ke4 Rb3 57. a4 Rb4+ 58. Kf3 Rb3+ 59. Ke2 Rb4 60.
Ra6+ Ke5 61. Ke3 Rxg4 62. b6 Rg3+ 63. Kf2 Rb3 64. a5 Kxf5 65. Ra7 g5 66. Rf7+
Kg4 67. b7 Rb2+ 68. Ke3 Kg3 69. a6 g4 70. a7 1-0

[Event "World Blitz Women 2025"]
[Site "Doha QAT"]
[Date "2025.12.29"]
[Round "4.62"]
[White "Luong Phuong Hanh"]
[Black "Karimova, Guldona"]
[Result "0-1"]
[WhiteTitle "WIM"]
[BlackTitle "WIM"]
[WhiteElo "2236"]
[BlackElo "2288"]
[WhiteFideId "12401013"]
[BlackFideId "14210410"]
[EventDate "2025.12.29"]

1. d4 Nf6 2. Nf3 e6 3. e3 c5 4. Bd3 Nc6 5. O-O d5 6. b3 Bd6 7. Bb2 O-O 8. Nbd2
b6 9. Ne5 Bb7 10. f4 Ne7 11. Qf3 Ng6 12. Qh3 Bxe5 13. fxe5 Ne4 14. Nxe4 dxe4 15.
Bc4 cxd4 16. Bxd4 Qg5 17. Kh1 Nxe5 18. Be2 Rac8 19. c4 Ng6 20. Rad1 Rcd8 21.
Rde1 e5 22. Bc3 f5 23. Bh5 Rde8 24. Re2 f4 25. exf4 Nxf4 26. Rxf4 Qxf4 27. g3
e3+ 28. Kg1 Qe4 29. Qg2 Qb1+ 0-1

[Event "World Blitz Women 2025"]
[Site "Doha QAT"]
[Date "2025.12.29"]
[Round "4.63"]
[White "Sharma, Isha"]
[Black "Miranda Rodriguez, Tania"]
[Result "0-1"]
[WhiteTitle "WIM"]
[BlackTitle "WIM"]
[WhiteElo "2245"]
[BlackElo "2051"]
[WhiteFideId "35006665"]
[BlackFideId "3510417"]
[EventDate "2025.12.29"]

1. Nf3 d5 2. b3 Nf6 3. Bb2 e6 4. e3 c5 5. Be2 Nc6 6. O-O Bd6 7. d4 cxd4 8. exd4
Qc7 9. c4 dxc4 10. bxc4 O-O 11. Nbd2 b6 12. Rc1 Bb7 13. Re1 Rfe8 14. Bf1 Rad8
15. Qc2 Nb4 16. Qb1 Ng4 17. h3 Bh2+ 18. Kh1 Nxf2# 0-1